Le Monde moderne (Record no. 1481)
[ view plain ]
| 000 -LEADER | |
|---|---|
| campo de control de longitud fija | 00988nas a2200277 i 4500 |
| 001 - NÚMERO DE CONTROL | |
| campo de control | 1481 |
| 003 - IDENTIFICADOR DE NÚMERO DE CONTROL | |
| campo de control | ES-MaACL |
| 005 - FECHA Y HORA DE LA ÚLTIMA TRANSACCIÓN | |
| campo de control | 20250217134223.0 |
| 007 - CAMPO FIJO DE DESCRIPCIÓN FÍSICA--INFORMACIÓN GENERAL | |
| campo de control de longitud fija | t| |
| 008 - DATOS DE LONGITUD FIJA--INFORMACIÓN GENERAL | |
| campo de control de longitud fija | 950801d18951908fr m| | 1 ||re d |
| 022 ## - NÚMERO INTERNACIONAL NORMALIZADO PARA PUBLICACIONES SERIADAS | |
| Número Internacional Normalizado para Publicaciones Seriadas | 1764-7983 |
| 245 03 - MENCIÓN DEL TÍTULO | |
| Título | Le Monde moderne |
| Resto del título | : revue mensuelle illustrée. |
| 260 ## - PUBLICACIÓN, DISTRIBUCIÓN, ETC. | |
| Lugar de publicación, distribución, etc. | Paris : |
| Nombre del editor, distribuidor, etc. | Albert Quantin, |
| Fecha de publicación, distribución, etc. | 1895-1908 ( |
| Fabricante | Motter Kapp) |
| 300 ## - DESCRIPCIÓN FÍSICA | |
| Extensión | 33 v. ; |
| Dimensiones | 25 cm. |
| 310 ## - PERIODICIDAD ACTUAL | |
| Periodicidad actual | Mensual |
| 362 0# - FECHAS DE PUBLICACIÓN Y/O DESIGNACIÓN SECUENCIAL | |
| Fecha de publicación y/o designación secuencial | : N° 1 (janvier 1895)-n° 134 (octobre 1905) = t. 1-t. 22 ; nouvelle série, n° 1 (novembre 1905)-n° 33 (juillet 1908) |
| 500 ## - NOTA GENERAL | |
| Nota general | A partir de 1903 no aparece el año de publicación. |
| 500 ## - NOTA GENERAL | |
| Nota general | A partir de 1906, nueva serie. |
| 525 ## - NOTA DE SUPLEMENTO | |
| Nota de suplemento | A partir de 1899 aparece un suplemento. |
| 650 14 - PUNTO DE ACCESO ADICIONAL DE MATERIA--TÉRMINO DE MATERIA | |
| Término de materia o nombre geográfico como elemento de entrada | Revistas de información general. |
| 9 (RLIN) | 16896 |
| 700 1# - ENTRADA AGREGADA--NOMBRE PERSONAL | |
| Nombre de persona | Vigneau, Jean, |
| Término indicativo de función/relación | |
| 9 (RLIN) | 194215 |
| 785 00 - ENTRADA/ENLACE A UN TÍTULO POSTERIOR | |
| Encabezamiento principal | Le Monde moderne et la femme d'aujourd'hui |
| Lugar, editor y fecha de publicación | May. 1906-1908 |
| 852 ## - LOCALIZACIÓN | |
| Ubicación | ES-MaACL |
| Número de control de estantería | Hem-165 |
| 866 #0 - MENCIÓN TEXTUAL DE FONDOS--UNIDAD BIBLIOGRÁFICA BÁSICA | |
| Fondos | 1897-1908 |
| Estatus retirado | Estado de pérdida | Estado de daño | No para préstamo | Colección | Biblioteca de origen | Biblioteca actual | Ubicación en estantería | Fecha de adquisición | Fuente de adquisición | Total de préstamos | Signatura topográfica completa | Código de barras | Visto por última vez | Precio de reemplazo | Tipo de ítem Koha |
|---|---|---|---|---|---|---|---|---|---|---|---|---|---|---|---|
| Periódicos y Revistas | Biblioteca del Ateneo de Madrid | Biblioteca del Ateneo de Madrid | Depósito 1 | 17/01/2008 | Hem-165 | 1001511 | 23/02/2023 | 23/02/2023 | Revista |
